logo

Bir Sreshtho Munshi Abdur Rouf Library
Jhenaidah Cadet College

Farewell to cricket / (Record no. 9727)

MARC details
000 -LEADER
fixed length control field 00691cam a22002411a 4500
003 - CONTROL NUMBER IDENTIFIER
JCCL marc code BD-JhCC
005 - DATE AND TIME OF LATEST TRANSACTION
control field 20221013134022.0
008 - FIXED-LENGTH DATA ELEMENTS--GENERAL INFORMATION
fixed length control field 180324s1950 enkac 001 0aeng
035 ## - SYSTEM CONTROL NUMBER
system control number (OCoLC)11658756
-- BD-JhCC
040 ## - CATALOGING SOURCE
Original cataloging agency DLC
Transcribing agency AMU
Modifying agency Uk
-- DLC
-- BD-JhCC
041 ## - LANGUAGE CODE
Language code of Book eng
050 00 - LIBRARY OF CONGRESS CALL NUMBER
Classification number GV915.B7
Item number A3
082 ## - DEWEY DECIMAL CLASSIFICATION NUMBER
Classification number 796.358
Author mark and Year BRA 1950
100 1# - MAIN ENTRY--PERSONAL NAME
Personal name Bradman, Donald George,
Titles and other words associated with a name Sir,
Dates associated with a name 1908-
245 10 - TITLE STATEMENT
Title Farewell to cricket /
Statement of responsibility, etc by Don Bradman.
260 ## - PUBLICATION, DISTRIBUTION, ETC. (IMPRINT)
Place of publication, distribution, etc London :
Name of publisher, distributor, etc Hodder & Stoughton,
Date of publication, distribution, etc 1950.
300 ## - PHYSICAL DESCRIPTION
Pagination 320 p. :
Other physical details ill., ports. ;
Dimensions 23 cm.
500 ## - GENERAL NOTE
General note Includes index.
600 10 - SUBJECT ADDED ENTRY--PERSONAL NAME
Personal name Bradman, Donald George,
Titles and other words associated with a name Sir,
Dates associated with a name 1908-
650 #0 - SUBJECT ADDED ENTRY--TOPICAL TERM
Topical term or geographic name as entry element Cricket.
942 ## - ADDED ENTRY ELEMENTS (KOHA)
Source of classification or shelving scheme Dewey Decimal Classification
Koha item type Books
Koha issues (borrowed), all copies 1
Holdings
Source of classification or shelving scheme Damaged status Not for loan Home library Current library Shelving location Total Checkouts Full call number Barcode Date last seen Date checked out Copy number Koha item type
Dewey Decimal Classification     JCC Rouf Library JCC Rouf Library General Stacks 1 796.358 BRA 1950 12790 10/24/2022 10/13/2022 C - 1 Books

JCC Library | Contacts | JCC Home

Last Update on 23 September 2017
Copyright @ 2017-2020 JCC Rouf Library
Rouf Library, Jhenidah Cadet College (JCC), Bangladesh